Método de movilización de los pacientes: ergomotricidad en el ámbito asistencial
Gardado en:
| Autor Principal: | |
|---|---|
| Formato: | Libro |
| Idioma: | Lingua castelá |
| Publicado: |
Barcelona
Elsevier
2010
|
| Edición: | 8a. ed |
| Subjects: | |
| Tags: |
Engadir etiqueta
Sen Etiquetas, Sexa o primeiro en etiquetar este rexistro!
|
MARC
| LEADER | 00000nam a2200000 a 4500 | ||
|---|---|---|---|
| 001 | UCG5688 | ||
| 003 | CL-VaPUC | ||
| 008 | 110317e20100000SP |||||||||||||||||spa|d | ||
| 020 | |a 9788445820285 | ||
| 082 | 0 | 4 | |a 610.737 |b DOT |2 21 |
| 100 | 0 | |a Dotte, Paul |e author |9 555435 | |
| 245 | 1 | 0 | |a Método de movilización de los pacientes: ergomotricidad en el ámbito asistencial |
| 250 | |a 8a. ed | ||
| 300 | |a 143 p | ||
| 942 | |c BK | ||
| 945 | |d 20110317 00:00:00 |a dcastane | ||
| 260 | |a Barcelona |b Elsevier |c 2010 | ||
| 650 | 7 | |a CUIDADO DE ENFERMOS |2 CL-VaPUC |9 462979 | |
| 650 | 7 | |a TRASLADO DE PACIENTES |2 CL-VaPUC |9 462980 | |
| 650 | 7 | |a KINESIOTERAPIA |2 CL-VaPUC |9 313086 | |
| 650 | 7 | |a PERSONAL HOSPITALARIO |2 CL-VaPUC |9 462981 | |
| 583 | |a last modification |c 20110317 00:00:00 |k Rodrigo Vera | ||
| 999 | |c 344083 |d 344081 | ||
| 952 | |0 0 |1 0 |4 0 |6 610_737000000000000_DOT_2010 |7 0 |8 A |9 441868 |a BIBCUR |b BIBCUR |d 2019-11-22 |i 4755782 |l 1 |o 610.737 DOT 2010 |p 4755782 |r 2025-04-22 |s 2022-05-06 |w 2019-11-22 |y BK |k KIN | ||
| 952 | |0 0 |1 0 |4 0 |6 610_737000000000000_DOT_2010 |7 0 |8 A |9 441869 |a BIBCUR |b BIBCUR |d 2019-11-22 |i 4756169 |o 610.737 DOT 2010 |p 4756169 |r 2025-04-22 |w 2019-11-22 |y BK |k KIN | ||
| 952 | |0 0 |1 0 |4 0 |6 610_737000000000000_DOT_2010 |7 0 |8 A |9 441870 |a BIBCUR |b BIBCUR |d 2019-11-22 |i 4756177 |o 610.737 DOT 2010 |p 4756177 |r 2025-04-22 |w 2019-11-22 |y BK |k KIN | ||
| 952 | |0 0 |1 0 |4 0 |6 610_737000000000000_DOT_2010 |7 0 |8 A |9 441871 |a BIBCUR |b BIBCUR |d 2019-11-22 |i 4756185 |o 610.737 DOT 2010 |p 4756185 |r 2025-04-22 |w 2019-11-22 |y BK |k KIN | ||
| 952 | |0 0 |1 0 |4 0 |6 610_737000000000000_DOT_2010 |7 0 |8 A |9 441872 |a BIBCUR |b BIBCUR |d 2019-11-22 |i 4756193 |o 610.737 DOT 2010 |p 4756193 |r 2025-04-22 |w 2019-11-22 |y BK |k KIN | ||